Statistiques concernant Intercommunalités du Var

Cliquez ici pour prendre le quiz!

Statistiques générales

  • Ce quiz a été pris 23 fois
  • Le résultat moyen est 5 sur 12

Statistiques - réponses

Nombres de CommunesIntercommunalités% Correct
12Métropole Toulon Provence Méditerranée
87%
23Dracénie Provence Verdon agglomération
70%
05Estérel Côte d'Azur Agglomération
70%
28Communauté d'agglomération de la Provence Verte
65%
12Communauté de communes du golfe de Saint-Tropez
57%
09Communauté d'agglomération Sud Sainte Baume
30%
16Communauté de communes Lacs et Gorges du Verdon
30%
06Communauté de communes Méditerranée Porte des Maures
22%
05Communauté de communes de la Vallée du Gapeau
17%
09Communauté de communes du Pays de Fayence
17%
11Communauté de communes Cœur du Var
13%
15Communauté de communes Provence Verdon
0%

Distribution des résultats

Percentile par nombre de réponses

% des personnes avec chaque résultat

Votre développement - résultats

Vous n’avez pas pris ce quiz